Normal view
MARC view
- Powers,Marian
Entry Personal Name
001 - CONTROL NUMBER
- control field: 1167
003 - CONTROL NUMBER IDENTIFIER
- control field: OSt
005 - DATE AND TIME OF LATEST TRANSACTION
- control field: 20160725115127.0
008 - FIXED-LENGTH DATA ELEMENTS
- fixed length control field: 160725|| aca||aabn | a|a d
040 ## - CATALOGING SOURCE
- Original cataloging agency: OSt
- Transcribing agency: OSt
100 ## - HEADING--PERSONAL NAME
- Personal name: Powers,Marian
670 ## - SOURCE DATA FOUND
- Source citation: Work cat.: (OSt): Powers,Marian, Financial Accounting Principles, 2011
